000 00829cam a2200253Ia 4500
008
020 _a0750657197 (hbk. )
049 _aMAIN
090 _aNA2700
_bSMI
100 1 _aSmith, Kendra Schank.
245 1 0 _aArchitects' drawings :
_ba selection of sketches by world famous architects through history /
_cKendra Schank Smith.
260 _aOxford :
_bElsevier/Architectural Press,
_c2005.
300 _axviii, 270 p. :
_bill. ;
_c29 cm.
504 _aIncludes bibliographical references.
500 _aIncludes index.
650 0 _aArchitectural drawing.
650 0 _aArchitecture
_vSketch-books.
650 0 _aArchitecture
_xHistory.
907 _a.b10239923
_b14-05-12
_c23-04-07
003
005 20230123125432.0
040 _cNUST
942 _cBOOKS
_kNA2700
_mSMI
999 _c141465
_d141465